|
|
|
|
| LEADER |
00000naa a2200000uu 4500 |
| 001 |
vtls011074075 |
| 003 |
SK-MaSNL |
| 005 |
20260302111256.0 |
| 008 |
210908|2002 xo |||||||||||||||||eng| |
| 015 |
|
|
|a SNBRA
|
| 035 |
|
|
|a (urnnbn)urn:nbn:sk:snk:ar-a0ccyl
|
| 035 |
|
|
|a (uuid)37de37b0-36b0-48e0-80ce-c10444e34f03
|
| 035 |
|
|
|a urn:nbn:sk:snk-aavj6c
|
| 040 |
|
|
|a SNKBUCL
|b slo
|c SNKBUCL
|e AACR2
|
| 041 |
0 |
|
|a eng
|
| 044 |
|
|
|a xo
|c SK
|
| 100 |
1 |
|
|a Kaźmierczak, Andrzej
|4 aut
|9 788521
|
| 245 |
1 |
4 |
|a The set durability cycle of the combustion engine with titanium nitride coated piston rings
|c Andrzej Kaźmierczak, Stanisław Pytko
|
| 700 |
1 |
|
|a Pytko, Stanisław
|4 aut
|9 788522
|
| 773 |
0 |
|
|t Intertribo 2002
|d Bratislava : Dom techniky ZSVTS, 2002
|g S. 218-224
|z 8023304763
|
| 958 |
|
|
|a OND
|
| 958 |
|
|
|a article12
|
| 958 |
|
|
|a chapter
|
| 999 |
|
|
|c 1246939
|d 1248869
|